UBT Library

The animal question : (Record no. 44543)

000 -LEADER
fixed length control field 00876cam a22002534a 4500
001 - CONTROL NUMBER
control field 12480201
005 - DATE AND TIME OF LATEST TRANSACTION
control field 20180309035624.0
008 - FIXED-LENGTH DATA ELEMENTS--GENERAL INFORMATION
fixed length control field 010724s2001 enk b 001 0 eng
010 ## - LIBRARY OF CONGRESS CONTROL NUMBER
LC control number 2001036835
020 ## - INTERNATIONAL STANDARD BOOK NUMBER
International Standard Book Number 0195143809 (alk. paper)
040 ## - CATALOGING SOURCE
Original cataloging agency DLC
Transcribing agency DLC
Modifying agency DLC
041 1# - LANGUAGE CODE
Language code of text/sound track or separate title eng
042 ## - AUTHENTICATION CODE
Authentication code pcc
080 ## - UNIVERSAL DECIMAL CLASSIFICATION NUMBER
Universal Decimal Classification number 179.3
082 00 - DEWEY DECIMAL CLASSIFICATION NUMBER
Classification number 179.3 CAV
Edition number 21
100 1# - Rafti
Rafti 24
101 ## - Shkurtesa
Shkurtesa FIL
240 10 - UNIFORM TITLE
Uniform title <a href="Questione animale.">Questione animale.</a>
Language of a work English
245 14 - TITLE STATEMENT
Title The animal question :
Statement of responsibility, etc Paola Cavalieri ; translated by Catherine Woollard.
504 ## - BIBLIOGRAPHY, ETC. NOTE
Bibliography, etc Includes bibliographical references (p. 165-174) and index.
906 ## - LOCAL DATA ELEMENT F, LDF (RLIN)
a 7
b cbc
c orignew
d 1
e ocip
f 20
g y-gencatlg
942 ## - ADDED ENTRY ELEMENTS (KOHA)
Source of classification or shelving scheme
Item type Books
Holdings
Withdrawn status Lost status Source of classification or shelving scheme Damaged status Not for loan Collection code Permanent location Current location Shelving location Date acquired Total Checkouts Full call number Barcode Date last seen Price effective from Koha item type
          Koleksioni i përgjithshem UBT - Lipjan UBT - Lipjan Koleksioni i përgjithshem 03/09/2018   179.3 CAV 002-3001485 03/09/2018 03/09/2018 Books
UBT Library © 2015-2024. All rights reserved University Education for Business and Technology